Estadísticas para Prueba de Moldavia

Haz click aquí para tomar la prueba!

Estadísticas generales

  • Esta prueba ha sido tomada 327 veces
  • La puntuación promedio es 10 de 14

Estadísticas de respuestas

PistaRespuesta% Correcto
Países limítrofesRumania
99%
Países limítrofesUcrania
96%
Moldavia está a unos 50 km de este marMar Negro
93%
Idioma oficialRumano (Moldavo)
93%
CapitalChișinău
91%
País del que Moldavia obtuvo su independencia en 1991Unión Soviética
91%
El 93% de los ciudadanos pertenecen a esta rama del cristianismoOrtodoxa del Este
88%
Moldavia es el país más ____ de EuropaPobre
84%
La república escindida en una
pequeña franja de tierra al este de ese río
Transnistria
55%
Moldavia ha estado haciendo ___ durante miles de años.
Hoy en día es el octavo mayor productor per cápita del mundo.
Vino
53%
Moneda de MoldaviaLeu
44%
Región histórica que cubría la mayor parte del territorio de Moldavia{Bes}arabia
43%
"Capital" de esa república escindida, técnicamente
la segunda ciudad más grande de Moldavia
Tiraspol
42%
El río que forma parte de la frontera orientalDniester
40%

Distribución de puntuación

Porcentaje por número respondido

Porcentaje de gente con cada puntuación

Historial de tus puntuaciones

No has tomado esta prueba